|
|
|
|
| LEADER |
00000naa2a2200000 4500 |
| 001 |
383487 |
| 005 |
20231101063132.0 |
| 035 |
|
|
|a (RuTPU)RU\TPU\prd\9321
|
| 090 |
|
|
|a 383487
|
| 100 |
|
|
|a 20021219a2002 k y0rusy50 ca
|
| 101 |
0 |
|
|a rus
|
| 102 |
|
|
|a RU
|
| 200 |
1 |
|
|a Новый государственный первичный эталон твердости металлов по шкале твердости Шора D
|f Э. Г. Аслаян, М. В. Балаханов, Н. С. Гусятинская и др.
|
| 225 |
1 |
|
|a Государственные эталоны
|
| 320 |
|
|
|a Библиогр.: 10 назв.
|
| 461 |
|
1 |
|0 (RuTPU)RU\TPU\prd\1509
|x 0368-1025
|t Измерительная техника
|l Measurement Techniques
|o научно-технический журнал
|f Российская Федерация, Федеральное агентство по техническому регулированию и метрологии (Ростехрегулирование) (Госстандарт России)
|d 1940-1941, 1955-
|
| 463 |
|
1 |
|0 (RuTPU)RU\TPU\prd\3912
|t № 3
|v С. 3-6
|d 2002
|
| 610 |
1 |
|
|a эталоны
|
| 610 |
1 |
|
|a твердость металлов
|
| 610 |
1 |
|
|a шкала Шора D
|
| 610 |
1 |
|
|a метрологические исследования
|
| 675 |
|
|
|a 620.178.153.4.05.089.6:006.354
|v 3
|
| 701 |
|
1 |
|a Аслаян
|b Э. Г.
|
| 701 |
|
1 |
|a Балаханов
|b М. В.
|
| 701 |
|
1 |
|a Гусятинская
|b Н. С.
|
| 701 |
|
1 |
|a Дойников
|b А. С.
|
| 701 |
|
1 |
|a Козлов
|b В. И.
|
| 701 |
|
1 |
|a Сафаров
|b Н. А.
|
| 701 |
|
1 |
|a Шлегель
|b В. Р.
|
| 801 |
|
1 |
|a RU
|b 63413507
|c 20021219
|g PSBO
|
| 801 |
|
2 |
|a RU
|b 63413507
|c 20121214
|g RCR
|
| 942 |
|
|
|c BK
|